书目信息 |
| 题名: |
水下天堂
|
|
| 作者: | 特拉伊尼托 著 ;王晨 译 | |
| 分册: | ||
| 出版信息: | 北京 中国大百科全书出版社 2012.10 |
|
| 页数: | 312页 | |
| 开本: | 25cm | |
| 丛书名: | 中国国家地理 | |
| 单 册: | ||
| 中图分类: | K918.4 | |
| 科图分类: | ||
| 主题词: | 潜水运动--风景名胜区--介绍--世界 , 潜水运动 , 风景名胜区 | |
| 电子资源: | ||
| ISBN: | 978-7-5000-9020-5 | |
| 000 | 01204oam2 2200325 450 | |
| 001 | 010050017501 | |
| 005 | 20130608171341.18 | |
| 010 | @a978-7-5000-9020-5@b精装@dCNY68.00 | |
| 100 | @a20121113d2012 em y0chiy50 ea | |
| 101 | 1 | @achi@cita |
| 102 | @aCN@b110000 | |
| 105 | @aab z 001yy | |
| 106 | @ar | |
| 200 | 1 | @a水下天堂@9shui xia tian tang@e全球最美的潜水胜地@dDive the world@ethe most fascinating diving sites@f埃吉迪奥·特拉伊尼托等著@g王晨译@zeng |
| 210 | @a北京@c中国大百科全书出版社@d2012.10 | |
| 215 | @a312页@c图,地图@d25cm | |
| 225 | 2 | @a中国国家地理@i美丽的地球系列 |
| 305 | @a经意大利白星出版社授权 | |
| 330 | @a本书分为大西洋和加勒比海;地中海;红海;印度洋;太平洋五部分,主要内容包括:东港 “阿特拉斯号”沉船等。 | |
| 462 | 0 | @12001 @a美丽的地球系列 |
| 510 | 1 | @aDive the world@ethe most fascinating diving sites@zeng |
| 517 | 1 | @a全球最美的潜水胜地@9quan qiu zui mei de qian shui sheng di |
| 606 | 0 | @a潜水运动@x风景名胜区@x介绍@y世界 |
| 606 | 0 | @a潜水运动 |
| 606 | 0 | @a风景名胜区 |
| 690 | @aK918.4@v5 | |
| 701 | 1 | @a特拉伊尼托@9te la yi ni tuo@b埃吉迪奥@4著 |
| 702 | 0 | @a王晨@9wang chen@4译 |
| 801 | 0 | @aCN@bRENTIAN@c20121113 |
| 905 | @dK918.4@e208 | |
| 水下天堂:全球最美的潜水胜地=Dive the world:the most fascinating diving sites/埃吉迪奥·特拉伊尼托等著/王晨译.-北京:中国大百科全书出版社,2012.10 |
| 312页:图,地图;25cm.-(中国国家地理.美丽的地球系列) |
| ISBN 978-7-5000-9020-5(精装):CNY68.00 |
| 本书分为大西洋和加勒比海;地中海;红海;印度洋;太平洋五部分,主要内容包括:东港 “阿特拉斯号”沉船等。 |
| ● |
| 相关链接 |
|
|
|
|
正题名:水下天堂
索取号:K918.4/208
 
预约/预借
| 序号 | 登录号 | 条形码 | 馆藏地/架位号 | 状态 | 备注 |
| 1 | 0545961 | 205459617 | 第二样本阅览室/ [索取号:K918.4/208] | 在馆 | |
| 2 | 0545962 | 205459626 | 第二借阅区/ [索取号:K918.4/208] | 在馆 | |
| 3 | 0545963 | 205459635 | 第二借阅区/ [索取号:K918.4/208] | 在馆 | |
| 4 | 0545964 | 205459644 | 密集书库-资源管理系/ [索取号:K918.4/208] | 在馆 | |
| 5 | 0545965 | 205459653 | 第二借阅区/ [索取号:K918.4/208] | 在馆 |